Państwa, w których wykryto SARS - Statystyki

Ogólne statystyki
  • Ten quiz został rozwiązany 98 razy
  • Średni wynik to 15 z 28
Statystyki odpowiedzi
Liczba zakażeń Liczba zgonów Państwo % Poprawnych
5328 349 Chiny
99%
27 0 Stany Zjednoczone
90%
1 0 Rosja
87%
3 0 Indie
82%
9 0 Niemcy
81%
7 1 Francja
77%
251 43 Kanada
74%
4 0 Włochy
74%
4 0 Wielka Brytania
73%
1 0 Hiszpania
72%
3 0 Korea Południowa
71%
6 0 Australia
66%
2 0 Indonezja
63%
5 0 Szwecja
51%
63 5 Wietnam
49%
9 2 Tajlandia
48%
9 0 Mongolia
44%
5 2 Malezja
43%
14 2 Filipiny
42%
1 1 RPA
41%
346 37 Tajwan
40%
1 0 Nowa Zelandia
38%
238 33 Singapur
38%
1 0 Irlandia
37%
1 0 Szwajcaria
33%
1 0 Rumunia
14%
1755 299 Hongkong
11%
1 0 Kuwejt
4%
Nie znaleziono quizów pasujących do podanych kryteriów
Rozkład punktacji
Procent ludzi z każdym wynikiem
Percentyl według liczby udzielonych odpowiedzi
Twoja historia wyników
Nie rozwiązałeś tego quizu